| 000 | 00597nam a2200193Ia 4500 | ||
|---|---|---|---|
| 003 | OSt | ||
| 005 | 20250822150100.0 | ||
| 008 | Pun | ||
| 037 | _cTB | ||
| 040 |
_aARTS _cARTS _bPun |
||
| 041 |
_2Pun _aPun |
||
| 084 |
_aY73(P153):351 153M6;N0 _qAL |
||
| 100 |
_aਘੁੰਮਣ, ਬਿਕਰਮ ਸਿੰਘ _9156274 |
||
| 245 | 0 | _aਪੰਜਾਬੀ ਲੋਕ ਗੀਤ ਪਰੰਪਰਾ | |
| 260 | _c1990 | ||
| 650 | _aਸਮਾਜ Fਾਸਤਰ | ||
| 942 |
_hY73(P153):351 153M6;N0 _cTB _2CC _n0 |
||
| 999 |
_c383006 _d383006 |
||